• 首页
  • 本馆介绍
  • 公告通知
  • 最新文献
  • 馆藏检索
  • 电子资源
  • 读者导购
  • 参考咨询
  • 我的图书馆
  • 登录
  • 详细信息显示
  • 放入我的书架
  • 预约/预借图书
  • 作者相关作品
  • 分类相关作品
  • 丛书相关作品
  • 出版社相关作品

书目信息

  • 表格格式
  • 工作单格式
  • 卡片格式
题名:
眼科疾病并发症鉴别诊断与治疗
    
 
作者: 邢怡桥 , 陈长征 主编
分册:  
出版信息: 北京   科学技术文献出版社  2009
页数: 391页
开本: 26cm
丛书名: 临床并发症丛书
单 册:
中图分类: R770.6
科图分类:
主题词: 眼病--并发症--诊疗
电子资源:
ISBN: 978-7-5023-6238-6
000 01058oam2 2200277 45
001 1050928297
005 20100420093656.81
010    @a978-7-5023-6238-6@dCNY52.00
100    @a20100409d2009 em y0chiy50 ea
101 0  @achi
102    @aCN@b110000
105    @ay a 000yy
106    @ar
200 1  @a眼科疾病并发症鉴别诊断与治疗@AYan Ke Ji Bing Bing Fa Zheng Jian Bie Zhen Duan Yu Zhi Liao@f邢怡桥,陈长征主编@FXing Yi Qiao, Chen Chang Zheng Zhu Bian
210    @a北京@c科学技术文献出版社@d2009
215    @a391页@d26cm
225 2  @a临床并发症丛书
320    @a有书目 (第389-391页)
330    @a本书介绍了眼科临床常见疾病并发症的诊断、鉴别诊断与治疗, 重点介绍眼科手术并发症的表现和处理措施。全书既介绍了常见病并发症和传统手术并发症, 同时也介绍了近年来眼科治疗的新技术和新出现的并发症。
461  0 @12001 @a临床并发症丛书
606 0  @a眼病@x并发症@x诊疗
690    @aR770.6@v4
701  0 @a邢怡桥@AXing Yi Qiao@4主编
701  0 @a陈长征@AChen Chang Zheng@4主编
801  0 @aCN@bTANGWEI@c20100420
905    @b0591832-36@dR770.6@e10@f5
    
    眼科疾病并发症鉴别诊断与治疗/邢怡桥,陈长征主编.-北京:科学技术文献出版社,2009
    391页;26cm.-(临床并发症丛书)
    
    
    ISBN 978-7-5023-6238-6:CNY52.00
    本书介绍了眼科临床常见疾病并发症的诊断、鉴别诊断与治疗, 重点介绍眼科手术并发症的表现和处理措施。全书既介绍了常见病并发症和传统手术并发症, 同时也介绍了近年来眼科治疗的新技术和新出现的并发症。
●
相关链接 在E读中查询图书 在五车中查询图书 在当当中查询图书 在豆瓣中查询图书


正题名:眼科疾病并发症鉴别诊断与治疗     索取号:R770.6/10         预约/预借

序号 登录号 条形码 馆藏地/架位号 状态 备注
1 0591832   205918328   第二样本阅览室/ [索取号:R770.6/10] 在馆    
2 0591833   205918337   第三借阅区/ [索取号:R770.6/10] 在馆    
3 0591834   205918346   密集书库-生命科学系/ [索取号:R770.6/10] 在馆    
4 0591835   205918355   第三借阅区/ [索取号:R770.6/10] 在馆    
5 0591836   205918364   第三借阅区/ [索取号:R770.6/10] 在馆    
唐山师范学院图书馆 欢迎您!
大连网信软件有限公司© 版权所有